Biology / (Record no. 2806)

MARC details
000 -LEADER
fixed length control field 00657cam a22002292 4500
001 - CONTROL NUMBER
control field 0000004596
005 - DATE AND TIME OF LATEST TRANSACTION
control field 20151217145818.0
008 - FIXED-LENGTH DATA ELEMENTS--GENERAL INFORMATION
fixed length control field 070525s xx 000 0 eng d
020 ## - INTERNATIONAL STANDARD BOOK NUMBER
International Standard Book Number 0697150968 :
040 ## - CATALOGING SOURCE
Original cataloging agency KABU
Transcribing agency KABU
050 #0 - LIBRARY OF CONGRESS CALL NUMBER
Classification number QH308.2
Item number .M33 1993.
100 1# - MAIN ENTRY--PERSONAL NAME
Personal name Mader, Sylvia S.
-- 0000155228
245 10 - TITLE STATEMENT
Title Biology /
Statement of responsibility, etc. Sylvia S. Mader.
250 ## - EDITION STATEMENT
Edition statement 4th ed.
260 ## - PUBLICATION, DISTRIBUTION, ETC. (IMPRINT)
Place of publication, distribution, etc. Dubuque, lowa :
Name of publisher, distributor, etc. Wm. C. Brown Publishers,
Date of publication, distribution, etc. c1993.
300 ## - PHYSICAL DESCRIPTION
Extent xxiv, 808, [62] p. :
Other physical details ill. ;
Dimensions 28 cm.
500 ## - GENERAL NOTE
General note Includes index.
650 #0 - SUBJECT ADDED ENTRY--TOPICAL TERM
Topical term or geographic name as entry element Biology.
-- 0000003707
908 ## - PUT COMMAND PARAMETER (RLIN)
Put command parameter 070525
950 ## - LOCAL HOLDINGS (RLIN)
-- 1
Holdings
Withdrawn status Lost status Source of classification or shelving scheme Not for loan Home library Current library Date acquired Total Checkouts Full call number Barcode Date last seen Price effective from Koha item type Total Renewals Date last checked out
    Library of Congress Classification   Kabarak, Main Campus Kabarak, Main Campus 17/12/2015   QH308.2 .M33 1993 007431 17/12/2015 17/12/2015 General Collection    
    Library of Congress Classification   Kabarak, Main Campus Kabarak, Main Campus 17/12/2015 1 QA297 .F38 008572 09/08/2018 17/12/2015 General Collection 1 07/08/2018
Designed with assistance from East African Informatics Ltd